ბათუმის შოთა რუსთაველის სახელმწიფო უნივერსიტეტის ბიბლიოთეკა

The perceptions about Armenia's and Georgia's policy towards each other among two states' youth : (ბიბ.ჩანაწერი № 53497)

000 -ლიდერი
ფიქსირებული სიგრძის საკონტროლო ველი 01215nam a2200253Ia 4500
001 - საკონტროლო ნომერი
საკონტროლო ველი 20543
003 - საკონტროლო ნომრის იდენტიფიკატორი
საკონტროლო ველი GE_BSU
005 - ბოლო ოპერაციის თარიღი და დრო
საკონტროლო ველი 20210204130655.0
008 - ფიქსირებული სიგრძის მონაცემთა ელემენტები - ზოგადი ინფორმაცია
ფიქსირებული სიგრძის საკონტროლო ველი 181216s2015||||ge |||||||||||||| ||geo||
020 ## - წიგნის საერთაშორისო სტანდარტული ნომერი
International Standard Book Number 9789939102122
040 ## - კატალოგიზაციის წყარო
Transcribing agency GE_BSU
041 ## - ენის კოდი
Language code of text/sound track or separate title geo
080 ## - უნივერსალური ათობითი კლასიფიკაციის ინდექსი
Universal Decimal Classification number 327(479.22 : 479.25) T-44
245 #4 - ცნობა სათაურის შესახებ
Title The perceptions about Armenia's and Georgia's policy towards each other among two states' youth :
Remainder of title myths and reality.
264 ## - წარმოების, გამოცემის, დისტრიბუციის და სხვა ცნობები
გამოცემის, წარმოების, დისტრიბუციის... ადგილი Yerevan :
გამოცემის, წარმოების, დისტრიბუციის... სახელწოდება Political science association of Armenia,
გამოცემის, წარმოების, დისტრიბუციის... თარიღი 2015.
300 ## - ფიზიკური აღწერა
Extent 63 p. :
Other physical details chart ;
Dimensions 20 cm.
490 ## - სერიის ცნობა
Series statement Political science association of Armenia center for social sciences
504 ## - BIBLIOGRAPHY, ETC. NOTE
Bibliography, etc ბიბლიოგრ. ტექსტის შენიშვნებში
653 ## - INDEX TERM--UNCONTROLLED
Uncontrolled term The perceptions about Armenia's and Georgia's policy towards each other among two states' youth
653 ## - INDEX TERM--UNCONTROLLED
Uncontrolled term myths and reality
653 ## - INDEX TERM--UNCONTROLLED
Uncontrolled term საქართველო-სომხეთის საერთაშორისო ურთიერთობები
653 ## - INDEX TERM--UNCONTROLLED
Uncontrolled term სომხეთ-საქართველოს საერთაშორისო ურთიერთობები
942 ## - ADDED ENTRY ELEMENTS (KOHA)
Koha item type წიგნი
Source of classification or shelving scheme
ეგზემპლარები
ჩამოწერის სტატუსი დაკარგული ეგზემპლარის სტატუსი კლასიფიკაციის წყარო ან თაროზე გაწყობის სქემა დაზიანების სტატუსი არ გაიცემა მუდმივი მდებარეობა (დაცვის ადგილი) ამჟამინდელი ადგილსამყოფელი თაროზე განთავსების ადგილი შეძენის თარიღი სრული შენახვის შიფრი შტრიხკოდი ბოლო ოპერაციის თარიღი ეგზემპლარის მიმდევრობითი ნომერი (კეტერი?) ფასის ძალაში შესვლის თარიღი ეგზემპლარის სახეობა
          ბათუმის შოთა რუსთაველის სახელმწიფო უნივერსიტეტის მთავარი ბიბლიოთეკა ბათუმის შოთა რუსთაველის სახელმწიფო უნივერსიტეტის მთავარი ბიბლიოთეკა წიგნსაცავი 2018-12-17 327(479.22 : 479.25) T-44 53569 2018-12-17 53569 2018-12-17 წიგნი